000 00450nam a2200145Ia 4500
008 100204s9999 xx 000 0 und d
082 _b8270
100 _aडिकुना जोेऐल
245 _aपोलादी पोप
260 _b"सुवार्ता प्रकाशन , वसई"
_c1986
300 _a8+120
630 _aपोलादी पोप
730 _aपोलादी पोप
942 _cBOOK
999 _c452706
_d452703